000 00632nam a2200205Ia 4500
005 20260601193256.0
008 260601s9999||||xx |||||||||||||| ||und||
020 _a978-3-031-70626-4
_qebk
100 _aJoe Tekli
245 0 _aAdvances in Databases and Information Systems
250 _a2024
260 _aHeidelberg, Germany
_bSpringer Nature
_c2024
440 _aLecture Notes in Computer Science
650 _aComputer Science
700 _aJohann Gamper
700 _aRichard Chbeir
700 _aYannis Manolopoulos
856 _uhttps://link.springer.com/openurl?genre=book&isbn=978-3-031-70626-4
942 _cEB
_2ddc
999 _c56876
_d56876